La invencin̤ del derecho en Aristt̤eles

Bibliographic Details
Main Author: Muinelo Cobo, Jos ̌Carlos
Other Authors: Beuchot, Mauricio (pr.)
Format: Book
Language:Spanish
Published: Madrid : Dykinson, D.L. 2011.
Subjects:
Online Access:Acceso restringido

MARC

LEADER 00000cam a2200000 i 4500
005 20111213130947.0
007 cr|||| ||||
008 110519s2011 sp 000 0 spa c
017 |a D.L.SE.1803-2011 
020 |a 978-84-9982-177-1 
035 |a 5908 
040 |a SpMaUCFS  |d BUS  |d vLex 
090 |c 2825  |d 2825 
100 1 |a Muinelo Cobo, Jos ̌Carlos. 
245 1 3 |a La invencin̤ del derecho en Aristt̤eles   |h [Recurso electrn̤ico] /  |c Jose Carlos Muinelo Cobo ; prl̤ogo de Mauricio Beuchot. 
256 |a Servicio en ln̕ea 
260 |a Madrid :  |b Dykinson,  |c D.L. 2011. 
300 |a 1 recurso electrn̤ico 
500 |a El carc̀ter cientf̕ico de la filosofa̕ del derecho cabe demostrarlo porque la filosofa̕ primera o metafs̕ica en Aristt̤eles participa de todos los rasgos que definen a la ciencia, luego, la filosofa̕ del derecho, que puede ser considerada estructuralmente por Aristt̤eles mismo como una filosofa̕ ms̀, participar ̀igualmente de los rasgos cientf̕icos de la filosofa̕ primera.  
504 |a Bibliografa̕: p. 185-190. 
506 1 |a Contenido solo disponible en los productos indicados  |d vLex Global   |d vLex Global (Academic Edition, excluding Law Schools)   |d vLex Global (U.S. Academic Edition, Law Schools)   |d vLex Global (U.S. Academic Edition, excluding Law Schools)   |d vLex Global (Academic Edition, Law Schools)  
650 0 4 |a Aristt̤eles,  |d 0384-0322 a.J.C. -  |x Crt̕ica e interpretacin̤. 
700 1 |a Beuchot, Mauricio,  |e pr. 
740 0 |a vLex Libros (Servicio en ln̕ea) 
856 4 0 |u http://vlex.com/source/invencion-derecho-aristoteles-5908  |z Acceso restringido 
942 |c BOOK 
999 0 |a Aristotle 
999 0 |a law